[Event "AUT-ch U08"]
[Site "Linz"]
[Date "2013.06.01"]
[Round "6"]
[White "Lauer, Lukas"]
[Black "Supersberger, Andreas"]
[Result "0-1"]
[WhiteElo "800"]
[BlackElo "1081"]
[PlyCount "30"]
[EventDate "2013.05.31"]
[EventType "swiss"]
[EventRounds "7"]
[EventCountry "AUT"]
[SourceTitle "EXT 2015"]
[Source "ChessBase"]
[SourceDate "2014.11.20"]
[SourceVersion "1"]
[SourceVersionDate "2014.11.20"]
[SourceQuality "1"]

1. e3 g6 2. Be2 Bg7 3. Nc3 Bxc3 4. bxc3 Nc6 5. Bc4 e6 6. Nh3 d5 7. Bb3 Nf6 8. Ng5 0-0 9. Qf3 Kg7 10. Qh3 Rh8 11. Ba3 e5 12. 0-0 Bxh3 13. gxh3 Na5 14. Bxd5 Nxd5 15. Rab1 Qxg5+ 0-1

[Event "AUT-ch U08"]
[Site "Schladming"]
[Date "2012.06.08"]
[Round "1.9"]
[White "Rupprecht, Thomas"]
[Black "Supersberger, Andreas"]
[Result "1-0"]
[WhiteElo "1040"]
[BlackElo "825"]
[PlyCount "27"]
[EventDate "2012.06.08"]
[EventType "swiss"]
[EventRounds "7"]
[EventCountry "AUT"]
[SourceTitle "EXT 2024"]
[Source "ChessBase"]
[SourceDate "2023.10.10"]
[SourceVersion "1"]
[SourceVersionDate "2023.10.10"]
[SourceQuality "1"]

1. e4 e5 2. Nf3 Nc6 3. Bc4 Nf6 4. Nc3 Bb4 5. a3 0-0 6. axb4 Nxe4 7. Nxe4 Nxb4 8. 0-0 d6 9. d3 Bf5 10. Bg5 Qe8 11. Qd2 h6 12. Bxh6 gxh6 13. Qxh6 d5 14. Nf6# 1-0

[Event "AUT-ch U08"]
[Site "Schladming"]
[Date "2012.06.08"]
[Round "2.9"]
[White "Supersberger, Andreas"]
[Black "Hadler, Joachim"]
[Result "0-1"]
[WhiteElo "825"]
[BlackElo "982"]
[PlyCount "100"]
[EventDate "2012.06.08"]
[EventType "swiss"]
[EventRounds "7"]
[EventCountry "AUT"]
[SourceTitle "EXT 2024"]
[Source "ChessBase"]
[SourceDate "2023.10.10"]
[SourceVersion "1"]
[SourceVersionDate "2023.10.10"]
[SourceQuality "1"]

1. e4 e5 2. Nf3 Nc6 3. Nc3 Nf6 4. Bc4 Bc5 5. 0-0 d6 6. d3 Bg4 7. h3 Bxf3 8. gxf3 0-0 9. b3 Bb4 10. Na4 Nd4 11. c3 b5 12. cxb4 bxa4 13. bxa4 Nh5 14. Be3 Ne6 15. b5 Nhf4 16. Bxf4 Nxf4 17. Qd2 Nxh3+ 18. Kh2 Ng5 19. Rg1 Ne6 20. Bxe6 fxe6 21. Rac1 Rxf3 22. Rg3 Rxg3 23. Kxg3 h6 24. Rh1 Qg5+ 25. Qxg5 hxg5 26. a3 d5 27. exd5 exd5 28. Re1 Re8 29. a5 e4 30. dxe4 dxe4 31. b6 cxb6 32. axb6 axb6 33. Rb1 Rb8 34. a4 Kf7 35. Kg4 Kf6 36. a5 b5 37. a6 Rb6 38. a7 Ra6 39. Rxb5 Rxa7 40. Kg3 Ra2 41. Kg2 e3 42. Kf3 exf2 43. Rb6+ Kf5 44. Rb5+ Kg6 45. Kg4 f1Q 46. Rb6+ Qf6 47. Rb7 Qe6+ 48. Kg3 Re2 49. Kf3 Qe4+ 50. Kg3 Qg2# 0-1